[Event "Oberfranken-ch"]
[Site "Schney"]
[Date "2017.01.05"]
[Round "5"]
[White "Neudecker, Georg"]
[Black "Kuespert, Helmut"]
[Result "0-1"]
[WhiteElo "1793"]
[BlackElo "1942"]
[PlyCount "92"]
[EventDate "2017.01.03"]
[EventType "swiss"]
[EventRounds "7"]
[EventCountry "GER"]
[SourceTitle "CBM 176 Extra"]
[Source "ChessBase"]
[SourceDate "2017.03.02"]
[SourceVersion "1"]
[SourceVersionDate "2017.03.02"]
[SourceQuality "1"]

1. d4 Nf6 2. Nf3 c5 3. d5 g6 4. c4 b5 5. cxb5 a6 6. bxa6 Bxa6 7. g3 d6 8. Bg2 Bg7 9. 0-0 0-0 10. Nc3 Nbd7 11. Re1 Ng4 12. e4 Nge5 13. Nxe5 Nxe5 14. Bf1 Bxf1 15. Rxf1 Qa5 16. Qe2 Rfb8 17. f4 Nd7 18. e5 dxe5 19. f5 Qa6 20. fxg6 Qxg6 21. Qe4 Rb4 22. Qxg6 hxg6 23. Re1 f5 24. Re2 Kf7 25. Bg5 e4 26. Rf1 Bf6 27. Bxf6 Nxf6 28. h3 Rd4 29. g4 e6 30. dxe6+ Kxe6 31. gxf5+ gxf5 32. Ref2 Rg8+ 33. Kh2 Rg5 34. a4 Rh5 35. Re2 Rd3 36. a5 Rdxh3+ 37. Kg2 Rh2+ 38. Kg1 Rh1+ 39. Kf2 Rxf1+ 40. Kxf1 Rh1+ 41. Kg2 Ra1 42. a6 Rxa6 43. Kf2 Ke5 44. Ke1 f4 45. Kd1 f3 46. Rh2 e3 0-1

[Event "Schweinfurt op 26th"]
[Site "Schweinfurt"]
[Date "2016.05.29"]
[Round "6"]
[White "Wenkheimer, Rolf"]
[Black "Neudecker, Georg"]
[Result "1/2-1/2"]
[WhiteElo "1637"]
[BlackElo "1876"]
[PlyCount "180"]
[EventDate "2016.05.26"]
[EventType "swiss"]
[EventRounds "7"]
[EventCountry "GER"]
[SourceTitle "CBM 172 Extra"]
[Source "ChessBase"]
[SourceDate "2016.06.21"]
[SourceVersion "1"]
[SourceVersionDate "2016.06.21"]
[SourceQuality "1"]

1. e4 c6 2. Nc3 d5 3. exd5 cxd5 4. d4 Nf6 5. Nf3 g6 6. Bb5+ Bd7 7. 0-0 Bg7 8. Bf4 0-0 9. Ne5 Nc6 10. Nxd7 Qxd7 11. Re1 Rac8 12. Ne2 a6 13. Ba4 e6 14. c3 b5 15. Bc2 Nh5 16. Be3 b4 17. g4 Nf6 18. Ng3 bxc3 19. bxc3 Qd6 20. g5 Nd7 21. Qd3 Na5 22. Nh5 Bh8 23. Ng3 Nc4 24. f4 Nxe3 25. Qxe3 Qa3 26. Ne2 Rb8 27. h4 Rb2 28. Rec1 Rb6 29. h5 Rfb8 30. hxg6 fxg6 31. Kg2 Qd6 32. Rh1 Rf8 33. Rh4 Rf7 34. Rah1 Nf8 35. Qh3 Qc7 36. Rh6 Rg7 37. Bb3 Rf7 38. Qe3 Bg7 39. R6h4 a5 40. Rc1 Rc6 41. Ba4 Rb6 42. Bb3 Qb7 43. Kg3 Rd6 44. Rb1 a4 45. Bc2 Qa7 46. a3 Rb6 47. Rb4 Rxb4 48. cxb4 Re7 49. Qd3 Rc7 50. Rh1 Rc4 51. Rd1 Qc7 52. Bxa4 Bxd4 53. Bb3 Rc3 54. Nxc3 Bxc3 55. Qc2 e5 56. Bxd5+ Kg7 57. Kg2 exf4 58. Rd3 Be5 59. Qxc7+ Bxc7 60. Bb3 h6 61. gxh6+ Kxh6 62. Rh3+ Kg5 63. Rh8 Bd6 64. Kf3 Kf6 65. Rg8 Nd7 66. Ke4 Kg5 67. Rd8 Nf6+ 68. Kf3 Be5 69. a4 Ng4 70. Rd5 Kh4 71. Bc2 g5 72. Rd1 Nh2+ 73. Ke4 Bc3 74. b5 Ba5 75. Rd7 f3 76. Rh7+ Kg3 77. Rxh2 Kxh2 78. Kxf3 Kh3 79. Bf5+ Kh4 80. Ke4 g4 81. Kd5 g3 82. Be4 Kg4 83. Kc5 Kf4 84. Bh1 Ke5 85. b6 Bc3 86. b7 Bd4+ 87. Kc6 Kf6 88. b8Q g2 89. Bxg2 Be5 90. Qh8+ Kf5 1/2-1/2

[Event "Oberfranken-ch"]
[Site "Schney"]
[Date "2016.01.05"]
[Round "6"]
[White "Moenius, Alexander"]
[Black "Neudecker, Georg"]
[Result "1-0"]
[WhiteElo "1855"]
[BlackElo "1713"]
[PlyCount "99"]
[EventDate "2016.01.03"]
[EventType "swiss"]
[EventRounds "7"]
[EventCountry "GER"]
[SourceTitle "CBM 170 Extra"]
[Source "ChessBase"]
[SourceDate "2016.02.25"]
[SourceVersion "1"]
[SourceVersionDate "2016.02.25"]
[SourceQuality "1"]

1. Nf3 Nf6 2. d4 d5 3. c4 e6 4. cxd5 exd5 5. Bg5 Be7 6. e3 0-0 7. Bd3 Bg4 8. Nc3 c5 9. dxc5 Bxc5 10. h3 Bxf3 11. Qxf3 d4 12. Bxf6 Qxf6 13. Qh5 g6 14. Qxc5 dxc3 15. Qxc3 Qxc3+ 16. bxc3 Nd7 17. Ke2 Rac8 18. Rac1 f5 19. Rhd1 Nf6 20. Bc2 Kg7 21. Bb3 Rc7 22. Rd3 Re8 23. Rcd1 Ree7 24. f3 Rc5 25. Kd2 Rec7 26. c4 Re5 27. Rd4 Ree7 28. Bc2 Nd7 29. e4 f4 30. Bb3 Ne5 31. Ke2 g5 32. g3 fxg3 33. Rg1 Ng6 34. Rxg3 Nf4+ 35. Ke3 Re5 36. h4 h6 37. hxg5 hxg5 38. Rxg5+ Rxg5 39. Kxf4 Rg6 40. Rd5 b6 41. e5 Kf8 42. Rd6 Rgg7 43. Ke4 Ke7 44. f4 Rh7 45. f5 Rh4+ 46. Kf3 Rh8 47. f6+ Ke8 48. e6 Rch7 49. Ba4+ Kf8 50. Rd8# 1-0

[Event "Oberfranken-ch"]
[Site "Schney"]
[Date "2015.01.03"]
[Round "1"]
[White "Neudecker, Georg"]
[Black "Leicht, Gerhard"]
[Result "0-1"]
[WhiteElo "1663"]
[BlackElo "1765"]
[PlyCount "92"]
[EventDate "2015.01.03"]
[EventType "swiss"]
[EventRounds "7"]
[EventCountry "GER"]
[SourceTitle "CBM 164 Extra"]
[Source "ChessBase"]
[SourceDate "2015.03.02"]
[SourceVersion "1"]
[SourceVersionDate "2015.03.02"]
[SourceQuality "1"]

1. d4 d5 2. Nf3 Nf6 3. c4 e6 4. Nc3 Be7 5. Bg5 h6 6. Bh4 0-0 7. e3 b6 8. cxd5 Nxd5 9. Bxe7 Qxe7 10. Rc1 Bb7 11. Bd3 c5 12. 0-0 Nd7 13. Qe2 cxd4 14. Nxd4 Rfc8 15. Nxd5 Bxd5 16. Bb1 g6 17. Rfd1 Nf6 18. e4 Bb7 19. Qe3 Kg7 20. Bd3 Qd8 21. Bc4 Qe7 22. e5 Nd5 23. Bxd5 Bxd5 24. a3 Qb7 25. Nb5 Rxc1 26. Rxc1 Rc8 27. Rxc8 Qxc8 28. Nd6 Qd8 29. Qf4 Qd7 30. Qf6+ Kg8 31. g4 Qc7 32. Qf4 g5 33. Qe3 Qc6 34. Qc3 Qa4 35. f3 Qd1+ 36. Kf2 Qh1 37. Kg3 Qg1+ 38. Kh3 Qf2 39. Ne4 Bxe4 40. fxe4 Qh4+ 41. Kg2 Qxg4+ 42. Kf2 Qf4+ 43. Qf3 Qxh2+ 44. Ke3 Qxe5 45. Qd1 Qf4+ 46. Kd3 Qd6+ 0-1